000 01153cam a2200241 4500
001 ABS63197
008 000000n2000 000 0 eng u
035 _a(Sirsi) u109406
100 _aYouens, A
245 _aLearning to keep your marriage value alive
260 _c2000
490 _aProperty Week
_v65(42) 27 October 2000, 104-105
520 _aLooks at the concept of marriage value, and explains its existence in property transactions. Suggests that proactive management could facilitate opportune circumstances for gaining profits, and gives examples of such situations. Provides insight into marriage values in the tenanted residential sector and looks at their occurence in the valuation of leasehold enfranchisement and the investment market. Example tables: valuation for lease enfranchisement (new method); valuation to recoup capital on leasehold interests.
590 _aABS
650 _aMARRIAGE VALUE
650 _aVALUATION METHODS
650 _aMERGER VALUE
650 _aLEASEHOLD ENFRANCHISEMENT
650 _aPROPERTY TRANSACTIONS
650 _aFREEHOLDS
690 _aLANDLORD AND TENANT-LEASES
942 _n0
999 _c65314
_d65314